| 000 | 04236nam a2200397 i 4500 | ||
|---|---|---|---|
| 003 | DO-SdBNP | ||
| 005 | 20241202084920.0 | ||
| 007 | ta | ||
| 008 | 241126b2022 sp ||||| |||| 00| 0 spa d | ||
| 020 | _a9788413117362 (vol. 1) | ||
| 020 | _a9788413117379 (vol. 2) | ||
| 040 |
_aDO-SdBNP _bspa _cBNPHU _erda |
||
| 041 | _aspa | ||
| 082 | 4 |
_a012Nebrija _bA635n _222 |
|
| 245 | 0 | 0 | _aAntonio de Nebrija V Centenario (1522-2022) |
| 250 | _aPrimera edición | ||
| 264 | 4 |
_aMadrid, España : _bEdiciones Universidad de Salamanca, _c©2022. |
|
| 300 |
_a2 volúmenes : _bilustraciones (blanco y negro) ; _c33 cm. |
||
| 336 |
_atexto _btxt _2rdacontent |
||
| 337 |
_asin mediación _bn _2rdamedia |
||
| 338 |
_avolumen _bnc _2rdacarrier |
||
| 490 | 0 |
_aSerie conmemorativa ; _v8 |
|
| 500 | _aIncluye referencias bibliográficas y notas al pie de las páginas | ||
| 505 | 2 |
_av.1. _t Nueva caracola del bibliófilo nebrisense : repertorio bibliográfico de la obra impresa y manuscrita de Antonio de Nebrija, siglos XV y XVI / _r Pedro Martín Baños (984 páginas) -- _tIntroducción-- _tAbreviaturas y referencias bibliográficas-- _gPrimera parte-- _tLos impresos-- _tMapa-guía de las ediciones-- _tRepertorio cronológico de las ediciones nebrisenses Siglo (XV-XVI)-- _gSegunda parte-- _tLos manuscritos-- _tAdenda. Sobre dos maculaturas nebrisenses-- _tÍndices-- _gv.2. _tCultura manuscrita y cultura impresa en el entorno de Antonio de Nebrija / _rJacobo Sanz Hermida, Pedro Martín Baños, editores (254 páginas) _tPadre de la lengua latina / _rJacobo Sanz Hermida-- _tLa escritura autógrafa de Antonio de Nebrija: técnica y evolución / _rElena Rodríguez Díaz-- _tEl entramado editorial salmantino en el sigloXV/ _rMaría Eugenia López Varea-- _tLetrerías góticas, redondas y cursivas en la imprenta hispana (siglos XVy XVI) / _rJulián Martín Abad-- _tLa tipografía griega en España y Antonio de Nebrija / _rTeresa Martínez Manzano-- _tCum privilegio: Nebrija y el despertar de la con(s)ciencia de autor / _rInmaculada García-Cervigón del Rey-- _tLa obra Nebrija en las prensas francesas del siglo XVI / _rPedro Martín Baños-- _tPanorama de las ediciones nebrisenses impresas en Flandes durante el siglo XVI / _rCésar Manrique Figueroa. |
|
| 520 | 3 | _aEdiciones de la Universidad de Salamanca se ha sumado a los actos conmemorativos del V Centenario de Antonio de Nebrija (1522-2022) dando a luz dos volúmenes de gran formato y cuidada factura que pretenden convertirse en una herramienta de obligada referencia y de investigación para todo aquel que se plantee navegar por la abundante y procelosa producción del gramático andaluz. Pedro Martín Baños lleva a cabo en la Nueva Caracola del Bibliófilo Nebrisense una concienzuda revisión de la pionera y célebre obra bibliográfica de Antonio de Odriozola, publicada en 1946, ahora ampliada en cerca de doscientas entradas y enriquecida con la edición de textos preliminares y postliminares de variado interés, así como profusamente ilustrada con portadas, dedicatorias y colofones. El segundo volumen, titulado Cultura manuscrita y cultura impresa en el entorno de Antonio de Nebrija, presenta un panorama del mundo del códice manuscrito y de la imprenta material de los siglos XV y XVI, en el que han participado los especialistas Elena Rodríguez Díaz, M.ª Eugenia López Varea; Julián Martín Abad, Teresa Martínez Manzano, Inmaculada García-Cervigón del Rey, Pedro Martín Baños y César Manrique Figueroa. (Fuente: Ediciones Universidad de Salamanca. https://www.eusal.es/eusal/catalog/book/978-84-1311-735-5) | |
| 590 | _aInventariado, 2024/BT | ||
| 600 | 1 | 7 |
_aNebrija, Antonio de _d1444-1522 _vBibliografías _986844 |
| 650 | 7 |
_aImprenta _zEspaña _ySiglo XV _2LEMB _986845 |
|
| 650 | 7 |
_aImprenta _zEspaña _ySiglo XVI _2LEMB _986846 |
|
| 700 | 1 |
_aMartín Baños, Pedro, _eautor _edirector _986836 |
|
| 700 | 1 |
_aSanz Hermida, Jacobo, _eeditor _edirector _4ed. _986835 _tMartín Baños, Pedro $eautor $edirector de la publicación |
|
| 700 | 1 |
_aMartín Baños, Pedro, _eNueva caracola del bibliófilo nebrisense _986847 |
|
| 730 | 0 | 2 |
_aCultura manuscrita y cultura impresa en el entorno de Antonio de Nebrija _986848 |
| 910 | _aBtavárez | ||
| 942 |
_2ddc _cLBS1 |
||
| 999 |
_c57951 _d57951 |
||